| 000 | 01395cam a2200349 i 4500 | ||
|---|---|---|---|
| 001 | 66854 | ||
| 003 | Mx-PuUPA | ||
| 005 | 20240410104243.0 | ||
| 008 | 170313s2011 sp r 000 0 spa d | ||
| 020 | _a9788429319347 | ||
| 040 |
_aMx-PuUPA _bspa _cMx-PuUPA _dMx-PuUPA _erda |
||
| 041 | 1 |
_aspa _heng |
|
| 100 | 1 |
_aGrün, Anselm _eautor _d1945- _911571 |
|
| 240 | 1 | 0 |
_aGott, Geld und Gewissen, Dialog zwischen einem Mönch und einem Top-Manager. _lEspañol |
| 245 | 1 | 0 |
_aDios, el dinero y la conciencia : _bdiálogo entre un monje y un alto ejecutivo / _cAnselm Grün, Jochen Zeitz ; traducción, José Manuel Lozano. |
| 264 | 1 |
_aEspaña : _bSal Terrae, _c2011 |
|
| 300 |
_a229 páginas ; _c21 cm. |
||
| 336 |
_atexto _2rdacontent _btxt |
||
| 337 |
_asin medio _2rdamedia _bn |
||
| 338 |
_avolumen _2rdacarrier _bnc |
||
| 490 | 0 |
_aColección Servidores y Testigos ; _v124 |
|
| 650 | 4 |
_aReligiosos _xCondiciones económicas |
|
| 650 | 4 | _aÉtica en los negocios | |
| 650 | 4 |
_aVida monástica y religiosa _xAspectos éticos |
|
| 650 | 4 |
_aEmpresarios _xCondiciones sociales y culturales |
|
| 700 | 1 |
_aZeitz, Jochen, _eautor _93650 |
|
| 700 | 1 |
_aLozano, José Manuel, _etraductor |
|
| 765 | 0 | 8 |
_aGrün, Anselm, 1945- _tGott, Geld und Gewissen, Dialog zwischen einem Mönch und einem Top-Manager. |
| 942 |
_2ddc _cLI _h174.4 _iG885 |
||
| 999 |
_c66854 _d66854 |
||